Dny práva 2017
Na minha lista:
| Autor Corporativo: | |
|---|---|
| Outros Autores: | , , , , |
| Formato: | Livro |
| Idioma: | tcheco eslovaco polonês inglês |
| Publicado em: |
Brno
Masarykova univerzita
2018
|
| Edição: | 1. vydání |
| Colecção: | Spisy Právnické fakulty Masarykovy univerzity
|
| Assuntos: | |
| Tags: |
Sem tags, seja o primeiro a adicionar uma tag!
|
MARC
| LEADER | 00000nlm a2200000 4500 | ||
|---|---|---|---|
| 001 | 0247635 | ||
| 005 | 20240514073052.3 | ||
| 020 | |a 978-80-210-8974-7 | ||
| 041 | 0 | |a cze | |
| 041 | 0 | |a slo | |
| 041 | 0 | |a pol | |
| 041 | 0 | |a eng | |
| 044 | |a CZ | ||
| 245 | 1 | 0 | |a Dny práva 2017 |c eds: Dana Šramková, Michal Janovec, Jiří Valdhans ; recenzenti: Damian Czudek, Kristýna Fronc Chalupecká ... [et al.] |
| 250 | |a 1. vydání | ||
| 264 | 1 | |a Brno |b Masarykova univerzita |c 2018 | |
| 300 | |a 392 s. | ||
| 490 | 1 | |a Spisy Právnické fakulty Masarykovy univerzity | |
| 830 | 0 | |a Spisy Právnické fakulty Masarykovy univerzity | |
| 610 | 2 | 0 | |a právo |
| 610 | 2 | 0 | |a prostredie podnikateľské |
| 610 | 2 | 0 | |a stabilizácia podniku |
| 610 | 2 | 0 | |a politika daňová |
| 610 | 2 | 0 | |a dopad daňový |
| 610 | 2 | 0 | |a účtovníctvo |
| 610 | 2 | 0 | |a služby investičné |
| 610 | 2 | 0 | |a trh práce |
| 610 | 2 | 0 | |a obstarávanie verejné |
| 610 | 2 | 0 | |a podnikanie medzinárodné |
| 610 | 2 | 0 | |a rozpočty |
| 610 | 2 | 0 | |a právo daňové |
| 610 | 2 | 0 | |a inštitúcie finančné |
| 610 | 2 | 0 | |a dane z príjmov |
| 700 | 1 | |a Šramková, Dana | |
| 700 | 1 | |a Janovec, Michal | |
| 700 | 1 | |a Valdhans, Jiří | |
| 700 | 1 | |a Czudek, Damian | |
| 700 | 1 | |a Fronc Chalupecká, Kristýna | |
| 710 | 2 | |a Masarykova univerzita v Brně. Právnická fakulta | |